000
00262nam a2200109Ia 4500
008
190802s9999 xx 000 0 und d
100
_a
Patras Bukhari
245
0
_a
Patras Kay Mazameen
260
_a
Lahore
_b
Farid Publications
_c
2015
300
_a
82:p
942
_c
BK
999
_c
2533
_d
2533